000 00482nam a2200181Ia 4500
001 2870
005 20260306144839.0
008 260306t2019||||xx |||||||||||||| ||spa||
041 _aESP
082 _a230.985
_bD98
100 _aDurston, Alan
_eAUT
245 0 _aEl quechua pastoral:
_bla historia de la traducción cristiana en el Perú colonial 1550-1650
260 _c2019
300 _a393 páginas :
_c24 cm.
650 _aGEN
654 _aCHU
942 _cLIB
_dJUS
_fJUS
_2ddc
_n
999 _c2870
_d2870